Teds by Picture - Statistics

General Stats
  • This quiz has been taken 37 times
  • The average score is 6 of 10
Answer Stats
Picture Answer % Correct
Theodore Roosevelt
94%
Ted Bundy
89%
Ted Danson
75%
Ted Cruz
58%
Ted Kennedy
58%
Ted Kaczynski
50%
Ted Nugent
47%
Ted Williams
44%
Ted Turner
42%
Ted Levine
11%
No matching quizzes found
Score Distribution
Percent of People with Each Score
Percentile by Number Answered
Your Score History
You have not taken this quiz